<?xml version="1.0" encoding="UTF-8"?>
<record
    xmlns:xsi="http://www.w3.org/2001/XMLSchema-instance"
    xsi:schemaLocation="http://www.loc.gov/MARC21/slim http://www.loc.gov/standards/marcxml/schema/MARC21slim.xsd"
    xmlns="http://www.loc.gov/MARC21/slim">

  <leader>03507cam a22003255a 4500</leader>
  <controlfield tag="001">012590047</controlfield>
  <controlfield tag="003">EG-ScBUE</controlfield>
  <controlfield tag="005">20220410100840.0</controlfield>
  <controlfield tag="008">960528s1996    nyua   f b    001 0 eng d</controlfield>
  <datafield tag="020" ind1=" " ind2=" ">
    <subfield code="a">9780195101249</subfield>
  </datafield>
  <datafield tag="040" ind1=" " ind2=" ">
    <subfield code="a">Uk</subfield>
    <subfield code="b">eng</subfield>
    <subfield code="e">rda</subfield>
    <subfield code="c">Uk</subfield>
    <subfield code="d">EG-ScBUE</subfield>
  </datafield>
  <datafield tag="082" ind1="0" ind2="4">
    <subfield code="a">401.41</subfield>
    <subfield code="b">TAN</subfield>
    <subfield code="2">22</subfield>
  </datafield>
  <datafield tag="100" ind1="1" ind2=" ">
    <subfield code="a">Tannen, Deborah,</subfield>
    <subfield code="e">author.</subfield>
  </datafield>
  <datafield tag="245" ind1="1" ind2="0">
    <subfield code="a">Gender and discourse /</subfield>
    <subfield code="c">Deborah Tannen.</subfield>
  </datafield>
  <datafield tag="264" ind1=" " ind2="1">
    <subfield code="a">New York ;</subfield>
    <subfield code="a">Oxford :</subfield>
    <subfield code="b">Oxford University Press,</subfield>
    <subfield code="c">1996.</subfield>
  </datafield>
  <datafield tag="300" ind1=" " ind2=" ">
    <subfield code="a">x, 229 pages :</subfield>
    <subfield code="b">illustrations ;</subfield>
    <subfield code="c">21 cm</subfield>
  </datafield>
  <datafield tag="336" ind1=" " ind2=" ">
    <subfield code="2">rdacontent</subfield>
    <subfield code="a">text</subfield>
    <subfield code="b">txt</subfield>
  </datafield>
  <datafield tag="337" ind1=" " ind2=" ">
    <subfield code="2">rdamedia</subfield>
    <subfield code="a">unmediated</subfield>
    <subfield code="b">n</subfield>
  </datafield>
  <datafield tag="338" ind1=" " ind2=" ">
    <subfield code="2">rdacarrier</subfield>
    <subfield code="a">volume</subfield>
    <subfield code="b">nc</subfield>
  </datafield>
  <datafield tag="500" ind1=" " ind2=" ">
    <subfield code="a">New ed. - Previous ed.: 1994.</subfield>
  </datafield>
  <datafield tag="504" ind1=" " ind2=" ">
    <subfield code="a">Includes bibliographical references and index.</subfield>
  </datafield>
  <datafield tag="520" ind1=" " ind2=" ">
    <subfield code="a">Deborah Tannen's You Just Don't Understand has been on the New York Times Best Seller list for more than three years (in cloth and paper) and has sold over a million and a half copies. Clearly, Tannen's insights into how and why women and men so often misunderstand each other when they talk has touched a nerve. For years an internationally known and highly respected scholar in the field of linguistics, she has now become widely known for her work on how language both reflects and perpetuates the relationships between men and women. Her life work has demonstrated how close and intelligent analysis of conversation can reveal the extraordinary complexities of social relationships-including relationships between men and women. Now, in Gender and Discourse, Tannen has gathered together five of her scholarly essays-which provide a theoretical backdrop to her bestselling books-and an informative introduction which discusses her field of linguistics, describes the research methods she typically uses, and addresses the controversies surrounding her field as well as some misunderstandings of her work.; (She argues, for instance, that her cultural approach to gender differences does not deny that men dominate women in society, nor does it ascribe gender differences to women's "essential nature.") The essays themselves cover a wide range of topics. In one, she analyses a number of conversational strategies-such as interruption, topic raising, indirection, and silence-and shows that, contrary to much work on language and gender, no strategy leads inflexibly to dominance or submissiveness in conversation-interruption (or overlap) can be supportive, silence and indirection can be used to control. It is the interactional context, the participants' individual styles, and the interaction of their styles, Tannen shows, that result in the balance of power. She also provides a fascinating analysis of four groups of males and females (second-, sixth-, and tenth-grade students, and 25 year olds) conversing with their best friends, and she includes an early article co-authored with Robin Lakoff that presents a theory of conversational strategy, illustrated by analysis of dialogue in Ingmar Bergman's Scenes From a Marriage.; Readers interested in the theoretical framework behind Tannen's work will find this volume fascinating. It will be sure to interest anyone curious about the crucial yet often unnoticed role that language and gender play in our daily lives. </subfield>
  </datafield>
  <datafield tag="650" ind1=" " ind2="7">
    <subfield code="a">Language and languages</subfield>
    <subfield code="x">Sex differences.</subfield>
    <subfield code="2">BUEsh</subfield>
    <subfield code="9">40991</subfield>
  </datafield>
  <datafield tag="650" ind1=" " ind2="7">
    <subfield code="a">Discourse analysis.</subfield>
    <subfield code="2">BUEsh</subfield>
  </datafield>
  <datafield tag="650" ind1=" " ind2="7">
    <subfield code="a">Conversation.</subfield>
    <subfield code="2">BUEsh</subfield>
    <subfield code="9">24564</subfield>
  </datafield>
  <datafield tag="651" ind1=" " ind2=" ">
    <subfield code="2">BUEsh</subfield>
  </datafield>
  <datafield tag="653" ind1=" " ind2=" ">
    <subfield code="b">HHUUEENN</subfield>
    <subfield code="c">April2019</subfield>
  </datafield>
  <datafield tag="655" ind1=" " ind2=" ">
    <subfield code="v">Reading book</subfield>
    <subfield code="9">34232</subfield>
  </datafield>
  <datafield tag="942" ind1=" " ind2=" ">
    <subfield code="2">ddc</subfield>
    <subfield code="c">BB</subfield>
  </datafield>
  <datafield tag="999" ind1=" " ind2=" ">
    <subfield code="c">27384</subfield>
    <subfield code="d">27355</subfield>
  </datafield>
  <datafield tag="952" ind1=" " ind2=" ">
    <subfield code="0">0</subfield>
    <subfield code="1">0</subfield>
    <subfield code="2">ddc</subfield>
    <subfield code="4">0</subfield>
    <subfield code="7">0</subfield>
    <subfield code="8">Baccah</subfield>
    <subfield code="a">MAIN</subfield>
    <subfield code="b">MAIN</subfield>
    <subfield code="c">2ND</subfield>
    <subfield code="d">2019-04-15</subfield>
    <subfield code="e">Purchase</subfield>
    <subfield code="g">350.00</subfield>
    <subfield code="l">0</subfield>
    <subfield code="o">401.41 TAN</subfield>
    <subfield code="p">000044579</subfield>
    <subfield code="r">2025-07-15 00:00:00</subfield>
    <subfield code="v">437.50</subfield>
    <subfield code="y">NB</subfield>
  </datafield>
  <datafield tag="952" ind1=" " ind2=" ">
    <subfield code="0">0</subfield>
    <subfield code="1">0</subfield>
    <subfield code="2">ddc</subfield>
    <subfield code="4">0</subfield>
    <subfield code="7">0</subfield>
    <subfield code="8">Baccah</subfield>
    <subfield code="a">MAIN</subfield>
    <subfield code="b">MAIN</subfield>
    <subfield code="c">2ND</subfield>
    <subfield code="d">2019-04-15</subfield>
    <subfield code="e">Purchase</subfield>
    <subfield code="g">350.00</subfield>
    <subfield code="l">0</subfield>
    <subfield code="o">401.41 TAN</subfield>
    <subfield code="p">000044580</subfield>
    <subfield code="r">2025-07-15 00:00:00</subfield>
    <subfield code="v">437.50</subfield>
    <subfield code="y">BB</subfield>
  </datafield>
</record>
